000 00536ntaaa2200193 4500
003 01
005 20251027202837.0
008 0714s1973 ag 01
040 _aAR-BaBN
_bspa
_cAR-BaBN
_eaacr
_dRIC
082 _a268.6360 B55
100 _aBixler, William Allen
245 _aChalk talk made easy
250 _a1 ed.
260 _aAnderson, Indiana :
_bWarner Press,
_c1958
300 _a128 p
500 _aA complete course of self instruction with over 300 sketches by the author
650 _ailustraciones
_914546
942 _cBK
999 _c23815
_d23815